| 000 | 01209cam a22002174a 4500 | ||
|---|---|---|---|
| 005 | 20250605163950.0 | ||
| 008 | 250528s ||||||||||||||||||||||||d | ||
| 035 | _a15335 | ||
| 020 | _a471860816 | ||
| 040 |
_aGR-AtMCL _bgre _dGR-AtMCL _eAACR2 |
||
| 245 | 1 | _aThe Management of Human Resources / Personnel Text and Current Issues | |
| 260 |
_bJohn Wiley & Sons, _c1984 |
||
| 300 | _a468 | ||
| 505 | 0 | _aPersonnel History and Overview, Nondiscrimination and Affirmative Action, Careers, Job Analysis and Design, Human Resource Planning, Employment, Training and Development, Performance Appraisal, Compensation Administration, Occupational Health and Safety, Labor Relations and Collective Bargaining, International Personnel, Index. | |
| 520 | _aPersonnel History and Overview, Nondiscrimination and Affirmative Action, Careers, Job Analysis and Design, Human Resource Planning, Employment, Training and Development, Performance Appraisal, Compensation Administration, Occupational Health and Safety, Labor Relations and Collective Bargaining, International Personnel, Index. | ||
| 700 | 1 |
_aMckenna F. John _91236 |
|
| 700 | 1 |
_aSikula F. Andrew _91237 |
|
| 942 | _cBK | ||
| 999 |
_c925 _d925 |
||